000 00336nam a2200145Ia 4500
003 OSt
008 191201s2002 xx 000 0 und d
082 _a158.1
_bCAL
100 _aCARNEGIE, Dale
245 0 _aLeader in You
260 _aNew Delhi
_bPocket Book London
_c2002
300 _a245
650 _aGeneral Books
942 _2ddc
_cBK
999 _c1536
_d1536